MARC

Tag First Indicator Second Indicator Subfields
LEADER 00000cam a22000007a 4500
001 in00005779953
008 900426s1989 dcu 000 0 eng
005 20260429192352.2
010 |a  90149027  
029 1 |a DEBBG  |b BV008954720 
035 |a (OCoLC)21761387 
040 |a DLC  |b eng  |c DLC  |d FOR  |d OCLCQ  |d BTCTA  |d OCLCO  |d OCLCF  |d OCLCQ  |d OCL  |d OCLCO  |d TXA 
043 |a ee----- 
050 4 |a JV7597  |b .M37 1989 
100 1 |a Martin, Susan F.  |q (Susan Forbes)  |1 https://id.oclc.org/worldcat/entity/E39PCjDHvRPvJyGb6dBpFdX8G3 
245 1 0 |a Emigration, immigration, and changing East-West relations. 
264 1 |a Washington, DC (1424 16th St., NW, Suite 401, Washington 20036) :  |b Refugee Policy Group,  |c [1989] 
300 |a 15 pages ;  |c 22 cm. 
336 |a text  |b txt  |2 rdacontent 
337 |a unmediated  |b n  |2 rdamedia 
338 |a volume  |b nc  |2 rdacarrier 
490 0 |a Issue paper / the North American-European Dialogue on Political Migration 
651 0 |a Europe, Eastern  |x Emigration and immigration. 
650 0 |a Refugees  |z Europe, Eastern. 
650 0 |a International relations. 
651 6 |a Europe de l'Est  |x Émigration et immigration. 
650 6 |a Réfugiés  |z Europe de l'Est. 
650 6 |a Relations internationales. 
650 7 |a international relations.  |2 aat 
650 7 |a Emigration and immigration.  |2 fast  |0 (OCoLC)fst00908690 
650 7 |a International relations.  |2 fast  |0 (OCoLC)fst00977053 
650 7 |a Refugees.  |2 fast  |0 (OCoLC)fst01092797 
651 7 |a Eastern Europe.  |2 fast  |0 (OCoLC)fst01245079 
938 |a Baker and Taylor  |b BTCP  |n 90149027 
948 |h HELD BY TXA - 8 OTHER HOLDINGS 
994 |a Z0  |b TXA 
999 f f |i f372de5b-397e-4621-9e14-86a849985562  |s 68716bed-90f1-41ef-a728-9e007f421c0f  |t 0